000 00552nam a2200181 4500
001 126087
003 ES-MaACL
005 20250904063057.0
007 t|
008 070214s1924 fr r ||||1| fre d
110 1 _a
_9242199
245 1 0 _aMonuments nouveaux de l'art antique /
_cS. Reinach.
_n, . Tome second.
260 _aParis :
_bSimon Kra,
_c1924.
300 _a368 p. :
_bil. ;
_c28 cm.
500 _aEn la port.: Courriers de l'art antique de la Gazette des Beaux-Arts.
852 _aES-MaACL
_jD-8813
999 _c126087
_d126087